Tłumaczenia państwa "Holandia" na języki europejskie - Statystyki

Ogólne statystyki
  • Ten quiz został rozwiązany 182 razy
    126 od ostatniego zresetowania
  • Średni wynik to 10 z 34
Statystyki odpowiedzi
Język Odpowiedź % Poprawnych
polski Holandia
99%
duński Holland
96%
islandzki Holland
96%
luksemburski Holland
96%
węgierski Hollandia
85%
angielski The Netherlands
83%
holenderski Nederland
58%
norweski Nederland
58%
białoruski Niderlandy
37%
rosyjski Niderlandy
37%
albański Hollanda
26%
turecki Hollanda
26%
bośniacki Holandija
20%
serbski Holandija
20%
niemiecki Die Niederlande
18%
łotewski Nīderlande
18%
macedoński Nīderlande
18%
bułgarski Holandija
17%
grecki Ollandía
13%
francuski Pays-Bas
13%
słowacki Holandsko
11%
rumuński Olanda
11%
hiszpański Países Bajos
8%
fiński Alankomaat
7%
chorwacki Nizozemska
7%
słoweński Nizozemska
7%
irlandzki An Ísiltír
5%
szwedzki Nederländerna
5%
czeski Nizozemí
5%
litewski Olandija
5%
maltański L-Olanda
4%
włoski Paesi Bassi
4%
estoński Madalmaad
3%
portugalski Os Países Baixos
2%
Nie znaleziono quizów pasujących do podanych kryteriów
Rozkład punktacji
Procent ludzi z każdym wynikiem
Percentyl według liczby udzielonych odpowiedzi
Twoja historia wyników
Nie rozwiązałeś tego quizu od ostatniego zresetowania